000 00302nam a22001337a 4500
008 170301b xxu||||| |||| 00| 0 eng d
020 _a0721625061
041 _aeng
080 _23RD
_a617
100 _a5
101 _aSHK
245 _aSURGERY OF THE ALIMENTARY TRACT
_cRITCHIE, W.P
942 _2udc
_cBK
999 _c6477
_d6477